Manual de contratos (Registro nro. 1894)

Detalles MARC
000 -LEADER
fixed length control field 01041 a2200217 4500
001 - CONTROL NUMBER
control field 29570
005 - DATE AND TIME OF LATEST TRANSACTION
control field 20260407155605.0
008 - FIXED-LENGTH DATA ELEMENTS--GENERAL INFORMATION
fixed length control field 260407a1974 arg spa d
003 - CONTROL NUMBER IDENTIFIER
control field AR-UNSa-BCEJYS
040 ## - CATALOGING SOURCE
Original cataloging agency AR-UNSa-BCEJYS
Language of cataloging spa
Transcribing agency AR-UNSa-BCEJYS
080 ## - UNIVERSAL DECIMAL CLASSIFICATION NUMBER
Universal Decimal Classification number 347.44
Common auxiliary subdivision Contratos en general. Obligaciones
041 ## - LANGUAGE CODE
Language code of text/sound track or separate title spa
100 1# - MAIN ENTRY--PERSONAL NAME
Personal name Borda, Guillermo A.
245 10 - TITLE STATEMENT
Title Manual de contratos
250 ## - EDITION STATEMENT
Edition statement 7a. ed.
264 #1 - PRODUCTION, PUBLICATION, DISTRIBUTION, MANUFACTURE, AND COPYRIGHT NOTICE
Place of production, publication, distribution, manufacture Buenos Aires :
Name of producer, publisher, distributor, manufacturer Perrot
Date of production, publication, distribution, manufacture, or copyright notice 1974
300 ## - PHYSICAL DESCRIPTION
Extent 966 p.
Dimensions 23 cm.
505 ## - FORMATTED CONTENTS NOTE
Formatted contents note 1. Nociones Generales - 2. El consentimiento en los contratos - 3. Elementos de los contratos - 4. Efecto de los contratos - 5. Resolución y extinción de los contratos - 6. Compraventa y permuta - 7. Cesión de derechos - 8. Locación de cosas - 9. Contrato de trabajo - 10. Locación de obra - 11. Sociedad - 12. Donación - 13. Mandato - 14. Gestión de negocios ajenos sin mandato - 15. Fianza - 16. Contratos aleatorios - 17. Depósito - 18. Préstamos - 19. Eviccón
590 ## - LOCAL NOTE (RLIN)
Local note niveau_biblio:m niveau_hierar:0
942 ## - ADDED ENTRY ELEMENTS (KOHA)
Koha item type
Existencias
Withdrawn status Lost status Damaged status Not for loan Home library Current library Shelving location Date acquired Total checkouts Full call number Barcode Date last seen Price effective from Koha item type
        Biblioteca Prof. Eusebio Cleto del Rey Biblioteca Prof. Eusebio Cleto del Rey   07/04/2026   347.44 B727 7ed. L25368 07/04/2026 07/04/2026 Libro
        Biblioteca Prof. Eusebio Cleto del Rey Biblioteca Prof. Eusebio Cleto del Rey   07/04/2026   347.44 B727 7ed. L25369 07/04/2026 07/04/2026 Libro
        Biblioteca Prof. Eusebio Cleto del Rey Biblioteca Prof. Eusebio Cleto del Rey   07/04/2026   347.44 B727 7ed. L25370 07/04/2026 07/04/2026 Libro
        Biblioteca Prof. Eusebio Cleto del Rey Biblioteca Prof. Eusebio Cleto del Rey   07/04/2026   347.44 B727 7ed. L25366 07/04/2026 07/04/2026 Libro